استجابات الفقراء لتحديات الفقر / (رقم التسجيلة. 147294)

تفاصيل مارك
000 -الفاتح
عناصر البيانات ثابتة الطول 01067nam a22002417i 4500
005 - تاريخ ووقت آخر معاملة
حقل ضبط 20260128090814.0
008 - عناصر البيانات ثابتة الطول
عناصر البيانات ثابتة الطول 250721s2021 jo gr 000 0 ara d
020 ## - الترقيم الدولي المعياري للكتب (ردمك)
الترقيم الدولي المعياري للكتب (ردمك) 9789923755198
082 14 - رقم تصنيف ديوي العشري
رقم التصنيف 362.5
رقم المادة ك ا ظ
100 1# - مدخل رئيسي – اسم شخصي
الاسم الشخصي كاظم، ميسم ياسين عبيد
علاقة الشخص بالعمل/ دوره مؤلف.
245 10 - بيان العنوان
العنوان استجابات الفقراء لتحديات الفقر /
بيان المسؤولية الدكتورة ميسم ياسين عبيد كاظم ؛ تقديم ومراجعة الأستاذ الدكتور عدنان ياسين مصطفى.
250 ## - بيان الطبعة
بيان الطبعة الطبعة الأولى.
264 31 - بيانات النشر، التوزيع…إلخ
مكان النشر، التوزيع...إلخ عمان :
اسم الناشر، الموزع...إلخ دار كفاءة المعرفة ؛
تاريخ النشر، التوزيع...إلخ 2021.
264 31 - بيانات النشر، التوزيع…إلخ
مكان النشر، التوزيع...إلخ عمان :
اسم الناشر، الموزع...إلخ دار أمجد للنشر والتوزيع ؛
تاريخ النشر، التوزيع...إلخ 2021.
264 31 - بيانات النشر، التوزيع…إلخ
مكان النشر، التوزيع...إلخ عمان :
اسم الناشر، الموزع...إلخ إبصار ناشرون وموزعون،
تاريخ النشر، التوزيع...إلخ 2021.
300 ## - الوصف المادي
عدد الوحدات المكونة للوعاء 295 صفحة.
650 17 - مدخل إضافي بالموضوع - مصطلح موضوعي
مصطلح موضوعي أو اسم جغرافي كعنصر مدخل المشاكل الاجتماعية.
650 17 - مدخل إضافي بالموضوع - مصطلح موضوعي
مصطلح موضوعي أو اسم جغرافي كعنصر مدخل الفقر.
650 17 - مدخل إضافي بالموضوع - مصطلح موضوعي
مصطلح موضوعي أو اسم جغرافي كعنصر مدخل الحرمان الاجتماعي.
700 1# - مدخل إضافي - اسم شخصي
الاسم الشخصي مصطفى، عدنان ياسين
علاقة الشخص بالعمل/ دوره مقدم.
942 ## - بيانات إضافية (كوها)
نوع التنصيف Dewey Decimal Classification
نوع المادة (كوها) كتب
المقتنيات
حالة السحب حالة الفقدان مصدر التصنيف حالة التلف غير قابل للإعارة المكتبة الرئيسية المكتبة الحالية موقع الرف تاريخ التزويد الرقم المتسلسل Total Checkouts رقم الإستدعاء الباركود تاريخ آخر ظهور تاريخ الفاتورة نوع المادة (كوها)
    Dewey Decimal Classification     المكتبة المركزية المكتبة المركزية الإعارة 28/07/2025 1794261   362.5 / ك ا ظ PLD00516189 28/07/2025 28/07/2025 كتب
    Dewey Decimal Classification     مكتبة الأميرة ايمان العامة مكتبة الأميرة ايمان العامة الإعارة 25/03/2025 1794265   362.5/كاظ PLD00516364 28/07/2025 25/03/2025 كتب
    Dewey Decimal Classification     مكتبة الجويدة مكتبة الجويدة الإعارة 25/03/2025 1794263   362.5 / ك ا ظ PLD00516362 28/07/2025 25/03/2025 كتب
    Dewey Decimal Classification     مكتبة الحسن العامة مكتبة الحسن العامة الإعارة 25/03/2025 1794262   362.5 / ك ا ظ PLD00516361 28/07/2025 25/03/2025 كتب
    Dewey Decimal Classification     مكتبة حمزة العامة مكتبة حمزة العامة الإعارة 25/03/2025 1794264   362.5 / ك ا ظ PLD00516363 28/07/2025 25/03/2025 كتب
Implemented & Customized by: BBB with SCIT (Smart Chains for Information Technology)

Powered by Koha